[Event "3.Nord-West-Cup"]
[Site "?"]
[Date "2001.02.02"]
[Round "3"]
[White "Richter, Goetz"]
[Black "Mengler, Marc"]
[Result "1-0"]
[WhiteElo "2083"]
[BlackElo "1765"]
[PlyCount "169"]

1. e4 c5 2. Nf3 d6 3. d4 cxd4 4. Nxd4 Nf6 5. Nc3 g6 6. g3 Bg7 7. Bg2 O-O 8. O-O
Nc6 9. Nde2 Bd7 10. h3 Rc8 11. Bd2 Ne5 12. b3 Bc6 13. Rc1 Ned7 14. Nd4 Bxe4 15.
Nxe4 Nxe4 16. Bxe4 Bxd4 17. Bxb7 Rb8 18. Bg2 Bf6 19. c4 Ne5 20. Qe2 Qc8 21. Rc2
Nc6 22. Qe4 Nd4 23. Rcc1 Qf5 24. Qxf5 Nxf5 25. Rfe1 Rfe8 26. Kf1 h5 27. Re4 Rb6
28. g4 Ng7 29. c5 dxc5 30. Rxc5 Ne6 31. Ra5 Rd6 32. Be3 a6 33. Bf3 Bc3 34. Raa4
hxg4 35. hxg4 a5 36. Rac4 Bb4 37. Bc1 Red8 38. Kg2 Bd2 39. Ba3 R6d7 40. Re5
Nf4+ 41. Kg3 Ne6 42. Rb5 Nd4 43. Rb7 Ne2+ 44. Kg2 Nf4+ 45. Kh2 Rxb7 46. Bxb7
Rd3 47. Bxe7 Rd7 48. Bf6 Ne6 49. Rc8+ Nf8 50. Bc6 Bf4+ 51. Kg2 Rd2 52. Be7 Bh6
53. a3 Rd3 54. Ba4 Rd4 55. Rc4 Rxc4 56. bxc4 Ne6 57. Kf3 Bf4 58. Ke4 f5+ 59.
gxf5 gxf5+ 60. Kxf5 Kf7 61. Bh4 Bd6 62. Bd7 Ng7+ 63. Ke4 Bxa3 64. Kd5 Nh5 65.
c5 Nf4+ 66. Kc4 Ng6 67. Bg3 Bxc5 68. Kxc5 Ke7 69. Bf5 Nh8 70. Bh4+ Ke8 71. Kb5
a4 72. Kxa4 Kf7 73. Kb5 Kf8 74. Kc5 Nf7 75. Kd5 Nh6 76. Ke6 Nf7 77. Bg6 Nh8 78.
Kf6 Kg8 79. Bf5 Kf8 80. Be6 Ke8 81. Bg5 Kf8 82. Bh6+ Ke8 83. Kg7 Ke7 84. Bb3
Ng6 85. Kxg6 1-0

[Event "3.Nord-West-Cup"]
[Site "?"]
[Date "2001.02.03"]
[Round "4"]
[White "Hoffmann, Alexander"]
[Black "Pikula, Dejan"]
[Result "1/2-1/2"]
[WhiteElo "2421"]
[BlackElo "2507"]
[PlyCount "31"]

1. Nf3 c5 2. c4 g6 3. d4 cxd4 4. Nxd4 Nc6 5. e4 Nf6 6. Nc3 d6 7. Be2 Nxd4 8.
Qxd4 Bg7 9. Be3 O-O 10. Qd2 Be6 11. Rc1 Qa5 12. f3 Rfc8 13. b3 a6 14. Nd5 Qxd2+
15. Kxd2 Nxd5 16. exd5 1/2-1/2

[Event "3.Nord-West-Cup"]
[Site "?"]
[Date "2001.02.03"]
[Round "4"]
[White "Lanka, Zigurds"]
[Black "Gaprindashvili, Valerian"]
[Result "0-1"]
[WhiteElo "2504"]
[BlackElo "2459"]
[PlyCount "104"]

1. e4 c6 2. d4 d5 3. exd5 cxd5 4. c4 Nf6 5. Nc3 Nc6 6. Bg5 e6 7. Nf3 Be7 8. c5
Ne4 9. Bxe7 Qxe7 10. Bb5 Nxc3 11. bxc3 Bd7 12. O-O O-O 13. a4 b6 14. Bxc6 Bxc6
15. Ne5 Bb7 16. cxb6 Ba6 17. Re1 axb6 18. Qg4 Bc8 19. Qg3 Qc7 20. f4 Bd7 21.
Ng4 Rxa4 22. Nf6+ Kh8 23. Nh5 Rg8 24. Rxa4 Bxa4 25. Ra1 Bc2 26. Qe3 Bg6 27. Ng3
Rc8 28. h4 h5 29. Ra3 Qe7 30. c4 dxc4 31. f5 Bh7 32. d5 Re8 33. Nxh5 exd5 34.
Qxe7 Rxe7 35. Ra8+ Bg8 36. f6 gxf6 37. Nxf6 Kg7 38. Nxd5 Rb7 39. h5 Bh7 40. Kf2
b5 41. Ra6 Rb8 42. h6+ Kh8 43. Nb4 Be4 44. Ra7 Rc8 45. Ke3 Bg6 46. Kd2 c3+ 47.
Kc1 Re8 48. Rd7 Re1+ 49. Rd1 Re2 50. g4 Rb2 51. Rd8+ Kh7 52. Nd3 Rd2 0-1

[Event "3.Nord-West-Cup"]
[Site "?"]
[Date "2001.02.03"]
[Round "4"]
[White "Jugelt, Tobias"]
[Black "Meijers, Viesturs"]
[Result "1/2-1/2"]
[WhiteElo "2386"]
[BlackElo "2478"]
[PlyCount "129"]

1. d4 d5 2. Bg5 h6 3. Bh4 c6 4. e3 Qb6 5. b3 Bf5 6. Bd3 Bxd3 7. Qxd3 Nd7 8. Ne2
g6 9. O-O Bg7 10. c4 Ngf6 11. Nbc3 O-O 12. Rfc1 Qa6 13. Rab1 e5 14. Bxf6 Bxf6
15. Qd2 dxc4 16. bxc4 exd4 17. exd4 Bg7 18. Ne4 Rfd8 19. h4 h5 20. Qc2 b6 21.
Rd1 Nf6 22. Ng5 Rd7 23. Rd3 Rad8 24. Rbd1 Ng4 25. Nf3 Qa5 26. Qb3 Re8 27. Ng3
Qa6 28. d5 cxd5 29. cxd5 Qa5 30. Qc4 Bf8 31. d6 Qc5 32. Qxc5 bxc5 33. Rd5 c4
34. Kf1 c3 35. Ne2 Rc8 36. Rc1 c2 37. Rd2 Rxd6 38. Rxd6 Bxd6 39. Ned4 Rd8 40.
Rxc2 Rd7 41. g3 Bc7 42. a4 Bb6 43. Rc4 Kg7 44. Ke2 Kf6 45. Kf1 Ke7 46. a5 Bxd4
47. Nxd4 Ne5 48. Nc6+ Kd6 49. Nxe5 Kxe5 50. Rc6 f6 51. Ra6 Rf7 52. Ke2 Kd4 53.
Kf3 Kc5 54. Re6 Kd5 55. Ra6 Ke5 56. Ke3 Rd7 57. Kf3 Kf5 58. Kg2 g5 59. hxg5
fxg5 60. Kh3 Rc7 61. f3 Rd7 62. Rc6 Rd5 63. Ra6 Rd7 64. Rc6 Rd5 65. Ra6 1/2-1/2

[Event "3.Nord-West-Cup"]
[Site "?"]
[Date "2001.02.03"]
[Round "4"]
[White "Enders, Peter"]
[Black "Khamrakulov, Ibragim S"]
[Result "1-0"]
[WhiteElo "2475"]
[BlackElo "2359"]
[PlyCount "57"]

1. e4 c5 2. Nf3 e6 3. d4 cxd4 4. Nxd4 a6 5. Bd3 Ne7 6. O-O Nbc6 7. Nxc6 Nxc6 8.
Qg4 h5 9. Qd1 Ne5 10. Nd2 Bc5 11. Nf3 d6 12. Be3 Qc7 13. Re1 Bd7 14. a3 Ng4 15.
Bxc5 dxc5 16. e5 O-O-O 17. h3 Nh6 18. Nd2 Nf5 19. b4 Kb8 20. Rb1 Bc6 21. bxc5
Rd5 22. Re2 Qd8 23. Nb3 Nd4 24. Nxd4 Rxd4 25. Rb4 Qd5 26. Qf1 Qxc5 27. Bxa6
Rxb4 28. axb4 Qxb4 29. Bd3 {Rest unleserlich, 1-0 im 50.Zug} 1-0

[Event "3.Nord-West-Cup"]
[Site "?"]
[Date "2001.02.03"]
[Round "4"]
[White "Hedke, Fred"]
[Black "Meins, Gerlef"]
[Result "1/2-1/2"]
[WhiteElo "2347"]
[BlackElo "2426"]
[PlyCount "112"]

1. Nf3 d5 2. g3 c6 3. Bg2 Bg4 4. b3 Nd7 5. Bb2 Ngf6 6. O-O e6 7. d3 Bd6 8. c4
O-O 9. Nbd2 Qe7 10. h3 Bh5 11. e4 dxe4 12. dxe4 Be5 13. Qc2 Bxb2 14. Qxb2 Bxf3
15. Bxf3 Rfd8 16. Rfd1 Qc5 17. Bg2 a5 18. Qc2 Ne5 19. Nf3 Nxf3+ 20. Bxf3 h5 21.
Rxd8+ Rxd8 22. Rd1 Rd4 23. Rxd4 Qxd4 24. Qe2 g6 25. Qe1 Qc5 26. Qd2 Kg7 27. Kg2
e5 28. Qd8 a4 29. bxa4 Qxc4 30. Qe7 Qxa2 31. Qxe5 Qxa4 32. Qc3 Qb5 33. Qd4 c5
34. Qa1 Qa6 35. Qc3 Qe6 36. Qxc5 b6 37. Qd4 Kh7 38. Qb4 Nd7 39. Qd4 Nc5 40. h4
Qd7 41. Qxd7 Nxd7 42. Be2 Nc5 43. Kf3 Kg7 44. Ke3 Ne6 45. f4 Kf6 46. Kd3 Ke7
47. Kc4 Kd7 48. Bd1 Nc5 49. Kd5 Nd3 50. Be2 Nf2 51. Bf3 Kc7 52. f5 Kd7 53. e5
Ng4 54. f6 Ne3+ 55. Ke4 Nf5 56. Kf4 Nd4 1/2-1/2

[Event "3.Nord-West-Cup"]
[Site "?"]
[Date "2001.02.03"]
[Round "4"]
[White "Fischbach, Harald"]
[Black "Vasiljevic, Dragan"]
[Result "1/2-1/2"]
[WhiteElo "2220"]
[BlackElo "2339"]
[PlyCount "39"]

1. e4 e6 2. d3 d5 3. Nd2 Nf6 4. Ngf3 Nc6 5. g3 dxe4 6. dxe4 Bc5 7. Bg2 e5 8.
O-O O-O 9. c3 a5 10. Qc2 b6 11. Nb3 Bd6 12. a4 Ba6 13. Rd1 Qc8 14. Nh4 g6 15.
Bg5 Ne8 16. Nd2 Be7 17. Bh6 Ng7 18. Ndf3 Qe6 19. Bf1 Bxf1 20. Rxf1 1/2-1/2

[Event "3.Nord-West-Cup"]
[Site "?"]
[Date "2001.02.03"]
[Round "4"]
[White "Wippermann, Till"]
[Black "Schneider, Ilja"]
[Result "1-0"]
[WhiteElo "2306"]
[BlackElo "2132"]
[PlyCount "37"]

1. e4 c5 2. Nc3 g6 3. f4 Bg7 4. Nf3 Nc6 5. Bb5 Nd4 6. O-O Nxb5 7. Nxb5 d6 8. a4
a6 9. Nc3 Nf6 10. d3 O-O 11. Qe1 Rb8 12. a5 Bg4 13. Qh4 e6 14. Ne1 d5 15. e5 h5
16. h3 d4 17. Nb1 Be2 18. Rf2 Bd1 19. Rd2 1-0

[Event "3.Nord-West-Cup"]
[Site "?"]
[Date "2001.02.03"]
[Round "4"]
[White "Meyer, Malte"]
[Black "Gutman, Lev"]
[Result "0-1"]
[WhiteElo "2194"]
[BlackElo "2547"]
[PlyCount "62"]

1. d4 Nf6 2. c4 g6 3. Nc3 Bg7 4. e4 O-O 5. Nf3 c6 6. Bd3 d6 7. O-O Bg4 8. h3
Bxf3 9. Qxf3 Nfd7 10. d5 Na6 11. Re1 Nb4 12. Qd1 cxd5 13. cxd5 Nxd3 14. Qxd3
Qa5 15. Bd2 Rfc8 16. Qe2 a6 17. Rec1 b5 18. Bg5 Kf8 19. Qd2 Rc4 20. Bh6 Rac8
21. Bxg7+ Kxg7 22. Qe3 Qb6 23. Qd2 Qd4 24. Qxd4+ Rxd4 25. Rd1 Rxd1+ 26. Rxd1 b4
27. Na4 Rc2 28. Rd4 a5 29. b3 g5 30. Rc4 Rxc4 31. bxc4 Kf6 0-1

[Event "3.Nord-West-Cup"]
[Site "?"]
[Date "2001.02.03"]
[Round "4"]
[White "Miezis, Normunds"]
[Black "Wiertzema, Michael"]
[Result "1-0"]
[WhiteElo "2524"]
[BlackElo "2187"]
[PlyCount "59"]

1. c4 g6 2. Nc3 Bg7 3. g3 e5 4. Bg2 d6 5. d3 c6 6. e4 Be6 7. Nf3 h6 8. Be3 Ne7
9. Qe2 f5 10. d4 O-O 11. O-O-O Qa5 12. dxe5 dxe5 13. Qd2 fxe4 14. Qd6 Bg4 15.
Nh4 Bxd1 16. Rxd1 Rf7 17. Nxg6 Nxg6 18. Qxg6 Nd7 19. Bxe4 Nf8 20. Qg4 Kh8 21.
Qh5 Kg8 22. Bxh6 Rd8 23. Be3 Rxd1+ 24. Qxd1 Rd7 25. Qg4 Rd4 26. h4 Qd8 27. c5
Qf6 28. Qh5 b5 29. cxb6 axb6 30. Bc2 1-0

[Event "3.Nord-West-Cup"]
[Site "?"]
[Date "2001.02.03"]
[Round "4"]
[White "Schenk, Uwe"]
[Black "Mainka, Romuald"]
[Result "0-1"]
[WhiteElo "2148"]
[BlackElo "2482"]
[PlyCount "77"]

1. d4 f5 2. g3 Nf6 3. Bg2 g6 4. Nf3 Bg7 5. O-O O-O 6. c4 d6 7. Nc3 Qe8 8. b3
Na6 9. Ba3 c6 10. Qd3 Rb8 11. Nd2 b5 12. cxb5 cxb5 13. Nd5 Bb7 14. Nxf6+ Bxf6
15. Rac1 Qd7 16. Rc2 Bxg2 17. Kxg2 Nc7 18. d5 a5 19. Rfc1 Rb7 20. b4 axb4 21.
Bxb4 Na6 22. a3 Ra7 23. Nf3 Qb7 24. Rc6 Nxb4 25. axb4 Ra4 26. Rc7 Qb8 27. Qe3
Qe8 28. Nd4 Kh8 29. Nc6 Qf7 30. Nxe7 Re8 31. Rc8 Ra8 32. Rxa8 Rxa8 33. Rc7 Re8
34. Nc6 Qxd5+ 35. Qf3 Qc4 36. h4 d5 37. h5 Qe4 38. hxg6 hxg6 39. Qxe4 0-1

[Event "3.Nord-West-Cup"]
[Site "?"]
[Date "2001.02.03"]
[Round "4"]
[White "Hermann, Manfred"]
[Black "Segelken, Peter"]
[Result "1-0"]
[WhiteElo "2351"]
[BlackElo "2015"]
[PlyCount "71"]

1. e4 d5 2. exd5 Nf6 3. d4 Qxd5 4. c4 Qd8 5. Nc3 c6 6. Bg5 Bf5 7. Nf3 Ne4 8.
Nxe4 Bxe4 9. Be2 h6 10. Be3 e6 11. O-O Be7 12. Bd3 Bxf3 13. Qxf3 Bg5 14. Qe4
Bxe3 15. fxe3 Nd7 16. Rf3 Nf6 17. Qh4 Qa5 18. e4 Qg5 19. Qe1 O-O-O 20. e5 Nd7
21. b4 Kb8 22. Rd1 Rhe8 23. Rxf7 Rf8 24. Rxf8 Rxf8 25. Qg3 Qxg3 26. hxg3 Kc7
27. c5 Rd8 28. Kf2 b6 29. Bc2 bxc5 30. bxc5 Rb8 31. Bb3 Nf8 32. Ke3 Kd7 33. Rf1
Ke7 34. Ba4 Rb2 35. Bxc6 Rxg2 36. Bxg2 1-0

[Event "3.Nord-West-Cup"]
[Site "?"]
[Date "2001.02.03"]
[Round "4"]
[White "Welz, Peter"]
[Black "Nikolic, Stanimir"]
[Result "1-0"]
[WhiteElo "2192"]
[BlackElo "2348"]
[PlyCount "63"]

1. e4 e5 2. Nf3 Nc6 3. d4 exd4 4. Nxd4 Bc5 5. Nb3 Bb6 6. a4 a6 7. Nc3 Nf6 8.
Bg5 h6 9. Bh4 Qe7 10. Be2 g5 11. Bg3 d6 12. Nd5 Nxd5 13. exd5 Ne5 14. a5 Ba7
15. O-O f5 16. Bxe5 Qxe5 17. Bh5+ Kd8 18. c4 Qxb2 19. c5 Bd7 20. Rb1 Qf6 21.
Qc2 f4 22. cxd6 cxd6 23. Nd2 Rc8 24. Qb3 Bb5 25. Ne4 Qd4 26. Nxd6 Bxf1 27.
Nxb7+ Kd7 28. Qh3+ Kc7 29. d6+ Kb8 30. Nc5+ Bb5 31. Nxa6+ Kb7 32. Qd7+ 1-0

[Event "3.Nord-West-Cup"]
[Site "?"]
[Date "2001.02.03"]
[Round "4"]
[White "Fuhrmann, Dirk"]
[Black "Wolter, Kai"]
[Result "0-1"]
[WhiteElo "2144"]
[BlackElo "2286"]
[PlyCount "86"]

1. d4 Nf6 2. c4 g6 3. Nc3 Bg7 4. e4 d6 5. Be2 O-O 6. Bg5 Na6 7. f3 e5 8. dxe5
dxe5 9. Qxd8 Rxd8 10. Nd5 Rd6 11. O-O-O Nxd5 12. cxd5 f6 13. Be3 Bf8 14. Bc4
Kg7 15. Ne2 Nb8 16. Rd2 Rd8 17. Rhd1 Bd6 18. h3 Nd7 19. Nc3 a6 20. a4 f5 21.
exf5 gxf5 22. g4 f4 23. Bf2 Nf6 24. Re2 Bd7 25. Bd3 Rf8 26. Bh4 Rae8 27. Rde1
Ng8 28. Kc2 Ne7 29. b3 Ng6 30. Bf2 c6 31. Be4 Rc8 32. Rd1 Bb4 33. Bxg6 cxd5 34.
Be1 Bxc3 35. Bxc3 d4 36. Be4 Rxc3+ 37. Kb2 b5 38. Bd5 Re8 39. Rde1 Re3 40. Rxe3
fxe3 41. Rc1 Rc8 42. Rxc8 Bxc8 43. a5 e2 0-1

[Event "3.Nord-West-Cup"]
[Site "?"]
[Date "2001.02.03"]
[Round "4"]
[White "Neurohr, Juergen"]
[Black "Asendorf, Joachim"]
[Result "0-1"]
[WhiteElo "2085"]
[BlackElo "2268"]
[PlyCount "84"]

1. d4 d5 2. c4 e6 3. Nc3 c5 4. cxd5 cxd4 5. Qxd4 Nc6 6. Qd1 exd5 7. Qxd5 Bd7 8.
Nf3 Nf6 9. Qd1 Bc5 10. e3 Qe7 11. a3 O-O-O 12. Qc2 Kb8 13. Be2 Rc8 14. O-O g5
15. Rd1 g4 16. Nd4 h5 17. b4 Bb6 18. Bb2 Nxd4 19. exd4 h4 20. Qd3 g3 21. fxg3
hxg3 22. h3 Rxc3 23. Bxc3 Bb5 24. Qxg3+ Bc7 25. Qf2 Qxe2 26. Qxe2 Bxe2 27. Re1
Re8 28. Kf2 Bb5 29. Rxe8+ Bxe8 30. Bb2 Bc6 31. g4 Bf4 32. Re1 Bg5 33. Re5 Bh4+
34. Kg1 a6 35. Bc1 Nd5 36. Bg5 f6 37. Rxd5 Bxg5 38. Rxg5 fxg5 39. Kf2 Kc7 40.
Kg3 Kd6 41. h4 gxh4+ 42. Kxh4 Kd5 0-1

[Event "3.Nord-West-Cup"]
[Site "?"]
[Date "2001.02.03"]
[Round "4"]
[White "Issel, Oliver"]
[Black "Zschischang, Marine"]
[Result "1-0"]
[WhiteElo "2236"]
[BlackElo "2038"]
[PlyCount "99"]

1. d4 e6 2. c4 d5 3. Nf3 c6 4. Nbd2 Nf6 5. g3 Ne4 6. Bg2 f5 7. O-O Bd6 8. Qc2
O-O 9. Ne1 Qf6 10. e3 Nxd2 11. Bxd2 g5 12. Nd3 h5 13. f4 g4 14. Rac1 Nd7 15.
Ne5 Kg7 16. a3 Qd8 17. Be1 Be7 18. Qb3 h4 19. Rf2 h3 20. Nxd7 Qxd7 21. Bf1 Re8
22. Rfc2 Kf6 23. Qc3 Kg6 24. Bd3 Bd6 25. Qd2 Qe7 26. Qe2 Kh6 27. Bc3 Bd7 28. b4
a6 29. Rb1 b5 30. c5 Bc7 31. Ra2 Ra7 32. Rba1 Rea8 33. a4 Bb8 34. Bd2 Bc8 35.
Rf1 Qf6 36. Kh1 Qg6 37. e4 Kg7 38. exf5 exf5 39. Re1 Kf8 40. Bc3 Qf7 41. Qe3
bxa4 42. Rae2 Rc7 43. Qe5 Kg8 44. Qd6 Rca7 45. Re8+ Kh7 46. Qd8 Qg7 47. Qh4+
Kg6 48. Qxg4+ Kf7 49. Qh5+ Kf6 50. Rxc8 1-0

[Event "3.Nord-West-Cup"]
[Site "?"]
[Date "2001.02.03"]
[Round "4"]
[White "Margraf, Daniel"]
[Black "Schmidt, Harald"]
[Result "0-1"]
[WhiteElo "2011"]
[BlackElo "2227"]
[PlyCount "117"]

1. e4 d6 2. Nc3 g6 3. Bc4 Bg7 4. f4 c5 5. f5 Nc6 6. Nf3 Nf6 7. d3 Na5 8. Bb5+
Bd7 9. Bxd7+ Qxd7 10. Bg5 Nc6 11. Qd2 O-O-O 12. O-O gxf5 13. Nh4 h6 14. Nxf5
hxg5 15. Nxg7 Rdg8 16. Nf5 e6 17. Ne3 Nh5 18. Ne2 Nd4 19. Nxd4 cxd4 20. Nc4 Nf4
21. g3 d5 22. gxf4 dxc4 23. fxg5 Rh5 24. Kh1 Rhxg5 25. Rg1 Qb5 26. Rxg5 Rxg5
27. Rf1 Rg8 28. Qf2 cxd3 29. Qxf7 Rd8 30. cxd3 Qxb2 31. Qxe6+ Kb8 32. Qf6 Rc8
33. Qd6+ Ka8 34. Qe6 Rh8 35. Qd6 Rc8 36. Qf4 a6 37. e5 Qe2 38. Qf3 Qxe5 39. Qe4
Re8 40. Qxe5 Rxe5 41. Rf4 Re1+ 42. Kg2 Ra1 43. Rxd4 Rxa2+ 44. Kg3 b5 45. h4 Ra4
46. Rd5 Ra1 47. h5 Kb7 48. Kg4 Kc6 49. Rd8 Kc7 50. Rd4 a5 51. h6 b4 52. Kg5
Rg1+ 53. Kh5 Rg8 54. h7 Rh8 55. Kg6 b3 56. Rc4+ Kd6 57. Rd4+ Kc5 58. Rc4+ Kb6
59. Kg7 0-1

[Event "3.Nord-West-Cup"]
[Site "?"]
[Date "2001.02.03"]
[Round "4"]
[White "Leiber, Bernhard"]
[Black "Tschetschelnizki, Boris"]
[Result "0-1"]
[WhiteElo "2222"]
[BlackElo "2254"]
[PlyCount "92"]

1. e4 e6 2. d4 d5 3. Nc3 Bb4 4. e5 Ne7 5. Nf3 c5 6. Bd2 cxd4 7. Nb5 Bxd2+ 8.
Qxd2 O-O 9. Nbxd4 Nbc6 10. Bd3 f6 11. exf6 Rxf6 12. O-O-O Nxd4 13. Nxd4 e5 14.
Nb3 Qc7 15. f3 a5 16. Kb1 a4 17. Nc1 Rb6 18. Rhe1 Be6 19. a3 d4 20. Na2 Nd5 21.
Ka1 Rc8 22. Rb1 Qd6 23. Be4 Nc3 24. bxc3 Qxa3 25. c4 Bxc4 26. c3 dxc3 27. Qf2
Rxb1+ 28. Rxb1 b5 29. Qc2 Bb3 30. Rxb3 Qxb3 31. Qxb3+ axb3 32. Bd5+ Kf8 33.
Bxb3 Rd8 34. Nxc3 Rd2 35. g4 Rd3 36. Kb2 b4 37. Ne4 Rxf3 38. Ng5 Rf2+ 39. Bc2
h6 40. Ne4 Rxh2 41. g5 hxg5 42. Nxg5 Rg2 43. Ne4 g5 44. Kb3 g4 45. Bd3 g3 46.
Kc4 Rg1 0-1

[Event "3.Nord-West-Cup"]
[Site "?"]
[Date "2001.02.03"]
[Round "4"]
[White "Tschetschelnizki, Mikhail"]
[Black "Martschausky, Thomas"]
[Result "1-0"]
[WhiteElo "2139"]
[BlackElo "2220"]
[PlyCount "43"]

1. d4 d6 2. e4 g6 3. Nc3 Bg7 4. Be3 Nf6 5. f3 O-O 6. Qd2 c6 7. O-O-O b5 8. Bh6
b4 9. Nce2 Be6 10. Kb1 Qb6 11. h4 Rc8 12. h5 Bh8 13. Nf4 Bd7 14. hxg6 hxg6 15.
Bc4 e6 16. Bg5 Bg7 17. Qf2 Nh7 18. Be7 d5 19. Qh4 Nf8 20. Bf6 Bxf6 21. Qxf6 Nh7
22. Rxh7 1-0

[Event "3.Nord-West-Cup"]
[Site "?"]
[Date "2001.02.03"]
[Round "4"]
[White "Pericic, Boris"]
[Black "Radczewill, Horst"]
[Result "1-0"]
[WhiteElo "1866"]
[BlackElo "1556"]
[PlyCount "77"]

1. d4 Nf6 2. c4 e5 3. b3 exd4 4. Qxd4 Nc6 5. Qb2 d6 6. Bg5 Be7 7. Nd2 O-O 8.
Ngf3 h6 9. Bh4 Bf5 10. Nd4 Qd7 11. Nxc6 Qxc6 12. Nf3 Qd7 13. e3 Rfe8 14. Be2 c5
15. O-O Rab8 16. Rfd1 Qe6 17. Ne1 g5 18. Bg3 Ne4 19. Rac1 Nxg3 20. hxg3 Rbd8
21. Bf3 Be4 22. Bxe4 Qxe4 23. Rd5 Bf8 24. Qd2 Rd7 25. Rxc5 dxc5 26. Qxd7 b6 27.
Rd1 Qa8 28. Nf3 Be7 29. Rd5 Bf6 30. Qf5 Re6 31. e4 Qe8 32. e5 Bg7 33. Qd3 Qc6
34. Rd8+ Bf8 35. g4 Kg7 36. Rd7 a6 37. Qd5 a5 38. Kf1 Qc8 39. Qxe6 1-0

[Event "3.Nord-West-Cup"]
[Site "?"]
[Date "2001.02.03"]
[Round "4"]
[White "Brinkmann, Georg"]
[Black "Schuette, Marc"]
[Result "1-0"]
[WhiteElo "1931"]
[BlackElo "2209"]
[PlyCount "97"]

1. d4 d5 2. Nf3 c6 3. Bf4 Bg4 4. Ne5 Bh5 5. g4 Bg6 6. h4 f6 7. Nxg6 hxg6 8. Bg2
Qd7 9. g5 e6 10. Qd3 Ne7 11. Bf3 Na6 12. h5 O-O-O 13. Nd2 c5 14. c3 gxh5 15.
Rxh5 Rxh5 16. Bxh5 Nc6 17. Bg4 f5 18. Bh3 g6 19. Nf3 Bg7 20. e3 Qe7 21. O-O-O
Rh8 22. Bg2 Nc7 23. Rh1 Rxh1+ 24. Bxh1 e5 25. Nxe5 Nxe5 26. dxe5 Bxe5 27. Bxe5
Qxe5 28. f4 Qe6 29. a3 b6 30. Kc2 c4 31. Qd4 Nb5 32. Qxd5 Qxd5 33. Bxd5 Nd6 34.
Kd2 Kd7 35. Ke2 a5 36. Kf3 b5 37. e4 Ke7 38. e5 Nc8 39. b3 Nb6 40. bxc4 bxc4
41. Bc6 Kd8 42. Ke3 Kc7 43. Bf3 Na4 44. Kd4 Nb2 45. Be2 Kc6 46. Bxc4 Nd1 47.
Bf7 Nf2 48. Bxg6 Nh3 49. Ke3 1-0

[Event "3.Nord-West-Cup"]
[Site "?"]
[Date "2001.02.03"]
[Round "4"]
[White "Kiese, Matthias"]
[Black "Rau, Uwe"]
[Result "1-0"]
[WhiteElo "2199"]
[BlackElo "2190"]
[PlyCount "47"]

1. d4 Nf6 2. c4 e6 3. Nc3 Bb4 4. Bg5 h6 5. Bh4 b6 6. f3 Bxc3+ 7. bxc3 d5 8. e3
Bb7 9. Bd3 c5 10. Ne2 Nc6 11. O-O Na5 12. cxd5 exd5 13. e4 g5 14. Bg3 dxe4 15.
fxe4 Nxe4 16. Be5 O-O 17. Qc2 f5 18. Rxf5 Rxf5 19. Bxe4 Bxe4 20. Qxe4 Qf8 21.
Ng3 Rxe5 22. dxe5 Re8 23. Rf1 Qg7 24. Nh5 1-0

[Event "3.Nord-West-Cup"]
[Site "?"]
[Date "2001.02.03"]
[Round "4"]
[White "Ohse, Andreas"]
[Black "Heinemann, Ernst"]
[Result "1-0"]
[WhiteElo "1956"]
[BlackElo "2198"]
[PlyCount "53"]

1. c4 g6 2. g3 Bg7 3. Bg2 c5 4. Nc3 Nc6 5. b3 e5 6. Bb2 Nge7 7. e3 O-O 8. Nge2
d5 9. Nxd5 Nxd5 10. cxd5 Nb4 11. O-O Nxd5 12. Rc1 b6 13. d4 exd4 14. exd4 Bg4
15. Rc2 Bf5 16. Rd2 Bh6 17. dxc5 Bxd2 18. Qxd2 Be6 19. Qh6 f6 20. Rd1 Qe7 21.
Rxd5 Rae8 22. Nf4 Bf7 23. Rd6 Qe1+ 24. Bf1 Re5 25. Rxf6 Rd8 26. Rd6 Rde8 27.
Nd3 1-0

[Event "3.Nord-West-Cup"]
[Site "?"]
[Date "2001.02.03"]
[Round "4"]
[White "Kolthoff, Siegmund"]
[Black "Schmitz-Jordan, Juergen"]
[Result "1/2-1/2"]
[WhiteElo "2195"]
[BlackElo "2001"]
[PlyCount "23"]

1. Nf3 c5 2. e4 Nc6 3. Bb5 g6 4. O-O Bg7 5. Re1 Nf6 6. c3 Qb6 7. Ba4 d5 8. exd5
Nxd5 9. Ne5 Bxe5 10. Rxe5 Be6 11. Qb3 Nf4 12. Qb5 1/2-1/2

[Event "3.Nord-West-Cup"]
[Site "?"]
[Date "2001.02.03"]
[Round "5"]
[White "Gaprindashvili, Valerian"]
[Black "Enders, Peter"]
[Result "1-0"]
[WhiteElo "2459"]
[BlackElo "2475"]
[PlyCount "67"]

1. d4 Nf6 2. c4 e6 3. Nc3 Bb4 4. e3 c5 5. Nge2 cxd4 6. exd4 d5 7. a3 Bxc3+ 8.
Nxc3 dxc4 9. Bxc4 Nc6 10. Be3 O-O 11. O-O b6 12. Qf3 Bb7 13. Bd3 Re8 14. Rad1
Nd5 15. Nxd5 exd5 16. Rc1 g6 17. Qg3 Qf6 18. Rfd1 Rac8 19. Bb5 h5 20. h4 a6 21.
Be2 Kh7 22. Bf3 Qe6 23. Qf4 Ne7 24. Rc7 Bc6 25. Rc1 Rxc7 26. Qxc7 Bd7 27. Qb7
Bc8 28. Qa8 Bd7 29. Qxa6 Qd6 30. Qb7 Rc8 31. Rxc8 Bxc8 32. Qa7 Bg4 33. Bg5 f6
34. Bd2 1-0

[Event "3.Nord-West-Cup"]
[Site "?"]
[Date "2001.02.03"]
[Round "5"]
[White "Pikula, Dejan"]
[Black "Jugelt, Tobias"]
[Result "1/2-1/2"]
[WhiteElo "2507"]
[BlackElo "2386"]
[PlyCount "34"]

1. e4 c5 2. Nf3 Nf6 3. d3 Nc6 4. g3 g6 5. Bg2 Bg7 6. O-O O-O 7. c3 e5 8. a3 d6
9. b4 h6 10. Bb2 Qc7 11. Re1 b6 12. Nbd2 Bb7 13. Rc1 Rad8 14. d4 Rfe8 15. a4
exd4 16. bxc5 dxc5 17. cxd4 cxd4 1/2-1/2

[Event "3.Nord-West-Cup"]
[Site "?"]
[Date "2001.02.03"]
[Round "5"]
[White "Meijers, Viesturs"]
[Black "Hedke, Fred"]
[Result "1-0"]
[WhiteElo "2478"]
[BlackElo "2347"]
[PlyCount "71"]

1. e4 e5 2. Nf3 Nc6 3. Bb5 a6 4. Bxc6 dxc6 5. O-O f6 6. d4 exd4 7. Nxd4 c5 8.
Nb3 Qxd1 9. Rxd1 Bd7 10. Bf4 O-O-O 11. Nc3 g5 12. Bg3 Be6 13. Rxd8+ Kxd8 14.
Rd1+ Kc8 15. h4 h6 16. Nd5 Bxd5 17. Rxd5 b6 18. h5 Ne7 19. Rd1 Bg7 20. c3 f5
21. exf5 Nxf5 22. Bh2 Re8 23. g4 Nd6 24. Nd2 Re6 25. Kf1 b5 26. Nb3 Nb7 27. Rd5
Bf8 28. f4 Bd6 29. Rf5 c4 30. Nd4 Re4 31. fxg5 Bxh2 32. gxh6 Re7 33. Kg2 Bd6
34. g5 c5 35. Nc6 Re8 36. g6 1-0

[Event "3.Nord-West-Cup"]
[Site "?"]
[Date "2001.02.03"]
[Round "5"]
[White "Gutman, Lev"]
[Black "Wippermann, Till"]
[Result "1-0"]
[WhiteElo "2547"]
[BlackElo "2306"]
[PlyCount "75"]

1. e4 c5 2. Nc3 Nc6 3. f4 g6 4. Nf3 Bg7 5. Bb5 Nd4 6. O-O Nxb5 7. Nxb5 d6 8. d3
Nf6 9. a4 O-O 10. Bd2 b6 11. Qe1 a6 12. Nc3 e6 13. e5 Ne8 14. Qg3 f6 15. Rae1
f5 16. h4 Bb7 17. Ng5 Nc7 18. Ne2 h6 19. Nf3 Bxf3 20. gxf3 d5 21. Rf2 Qe8 22.
Rg2 Qf7 23. a5 b5 24. b4 c4 25. Kf2 cxd3 26. cxd3 d4 27. Qxg6 Qxg6 28. Rxg6 Kf7
29. Reg1 Rg8 30. h5 Rad8 31. Rc1 Nd5 32. Rc6 Ne7 33. Rgxe6 Nxc6 34. Rxc6 Bf8
35. Ng3 Be7 36. Nxf5 Rc8 37. Nxh6+ Kg7 38. Rg6+ 1-0

[Event "3.Nord-West-Cup"]
[Site "?"]
[Date "2001.02.03"]
[Round "5"]
[White "Asendorf, Joachim"]
[Black "Miezis, Normunds"]
[Result "0-1"]
[WhiteElo "2268"]
[BlackElo "2524"]
[PlyCount "62"]

1. c4 c5 2. Nc3 Nc6 3. g3 g6 4. Bg2 Bg7 5. a3 d6 6. Rb1 a5 7. e3 e5 8. Nge2
Nge7 9. d3 O-O 10. O-O Rb8 11. h3 Be6 12. e4 f5 13. b3 f4 14. f3 fxg3 15. Nxg3
h6 16. Be3 g5 17. Qd2 Ng6 18. Kh2 Nh4 19. Nb5 Nd4 20. Bxd4 exd4 21. Ne2 Be5+
22. Kh1 Qd7 23. Ng1 b6 24. Qe2 Ng6 25. Rfd1 Qf7 26. Rb2 Qf4 27. Bf1 Rf7 28. Qd2
Qh4 29. Bg2 Nf4 30. Qe1 Qxe1 31. Rxe1 Nxd3 0-1

[Event "3.Nord-West-Cup"]
[Site "?"]
[Date "2001.02.03"]
[Round "5"]
[White "Issel, Oliver"]
[Black "Lanka, Zigurds"]
[Result "0-1"]
[WhiteElo "2236"]
[BlackElo "2504"]
[PlyCount "50"]

1. d4 Nf6 2. Nf3 g6 3. c4 Bg7 4. Nc3 d6 5. e4 O-O 6. Be2 e5 7. dxe5 dxe5 8.
Qxd8 Rxd8 9. Bg5 Rf8 10. Nd5 Nxd5 11. cxd5 c6 12. dxc6 Nxc6 13. O-O Be6 14.
Rfc1 f5 15. Nd2 h6 16. Be3 Rfd8 17. exf5 gxf5 18. Nb3 f4 19. Bc5 e4 20. Rc2 Bf5
21. Bc4+ Kh7 22. Rd2 Rxd2 23. Nxd2 Rd8 24. Nf1 b6 25. Ba3 Nd4 0-1